=LDR 00000nam 2200000 4500 =001 INLIS000000000004093 =005 20251118110852 =035 ##$$a 0010-0625000298 =007 ta =008 251118################f##########0#ind## =082 ##$$a 613.943 =084 ##$$a 613.943 BAD k =245 1#$$a Analisa Lanjutan SDKI 1997: Ketidaklangsungan Pemakaian Kontrasepsi /$c BADAN KOORDINASI KELUARGA BERENCANA NASIONAL =260 ##$$a Jakarta :$b Badan Koordinasi Keluarga Berencana Nasional,$c 1999 =300 ##$$a 33 hlm. : $b ilus. =650 #4$$a Kontrasepsi =110 2#$$a BADAN KOORDINASI KELUARGA BERENCANA NASIONAL =856 ##$$a Perpustakaan Kemendukbangga